<?xml version="1.0" encoding="UTF-8"?>
<record
    xmlns:xsi="http://www.w3.org/2001/XMLSchema-instance"
    xsi:schemaLocation="http://www.loc.gov/MARC21/slim http://www.loc.gov/standards/marcxml/schema/MARC21slim.xsd"
    xmlns="http://www.loc.gov/MARC21/slim">

  <leader>01972    a2200325   4500</leader>
  <controlfield tag="003">OSt</controlfield>
  <controlfield tag="005">20260626153804.0</controlfield>
  <controlfield tag="008">250524b        |||||||| |||| 00| 0 eng d</controlfield>
  <datafield tag="020" ind1=" " ind2=" ">
    <subfield code="a">9781774697351</subfield>
  </datafield>
  <datafield tag="040" ind1=" " ind2=" ">
    <subfield code="c">Foundation University</subfield>
  </datafield>
  <datafield tag="050" ind1=" " ind2=" ">
    <subfield code="a">(CHM-HM) TX 925  </subfield>
    <subfield code="b">2024 C355</subfield>
  </datafield>
  <datafield tag="100" ind1=" " ind2=" ">
    <subfield code="a">Cajiao, Israel Tinoco</subfield>
    <subfield code="e">author</subfield>
    <subfield code="9">10993</subfield>
  </datafield>
  <datafield tag="245" ind1=" " ind2=" ">
    <subfield code="a">Food and beverage service /</subfield>
    <subfield code="c">Israel Tinoco Cajiao </subfield>
  </datafield>
  <datafield tag="260" ind1=" " ind2=" ">
    <subfield code="a">Toronto Academic Press :</subfield>
    <subfield code="b">Burlington, ON,</subfield>
    <subfield code="c">2024</subfield>
  </datafield>
  <datafield tag="264" ind1=" " ind2=" ">
    <subfield code="4">2024</subfield>
  </datafield>
  <datafield tag="300" ind1=" " ind2=" ">
    <subfield code="a">xiv, 240 pages :</subfield>
    <subfield code="b">color illustrations ;</subfield>
    <subfield code="c">26 cm</subfield>
    <subfield code="3">resource</subfield>
    <subfield code="f">resource</subfield>
  </datafield>
  <datafield tag="336" ind1=" " ind2=" ">
    <subfield code="2">rda content</subfield>
    <subfield code="a">text</subfield>
    <subfield code="b">txt</subfield>
  </datafield>
  <datafield tag="337" ind1=" " ind2=" ">
    <subfield code="2">rda media</subfield>
    <subfield code="a">unmediated</subfield>
    <subfield code="b">n</subfield>
  </datafield>
  <datafield tag="338" ind1=" " ind2=" ">
    <subfield code="2">rda carrier</subfield>
    <subfield code="3">volume</subfield>
    <subfield code="a">volume</subfield>
    <subfield code="b">nc</subfield>
  </datafield>
  <datafield tag="490" ind1=" " ind2=" ">
    <subfield code="a">CHM-HosMgt Series</subfield>
  </datafield>
  <datafield tag="504" ind1=" " ind2=" ">
    <subfield code="a">Includes bibliography and index.</subfield>
  </datafield>
  <datafield tag="505" ind1=" " ind2=" ">
    <subfield code="a">Chapter 1 Introduction to Food and Beverage ServiceChapter 2 Staff Attributes, Skills, and Knowledge in Food and Beverage ServiceChapter 3 Food and Beverage Service Areas and EquipmentChapter 4 Menu, Menu Knowledge, and Accompaniments in ServiceChapter 5 Beverages Services: Non-Alcoholic and AlcoholicChapter 6 The Service Techniques and Service SequenceChapter 7 Food and Beverages Servicing in EventsChapter 8 Supervisory Aspects of Food and Beverage Services</subfield>
  </datafield>
  <datafield tag="520" ind1=" " ind2=" ">
    <subfield code="a">Covering all aspects of the industry, from basic food preparation to customer service, this textbook provides readers with a thorough understanding of the various roles and responsibilities in the food and beverage industry. This essential resource provides valuable insights into the latest trends and best practices with a practical approach.</subfield>
  </datafield>
  <datafield tag="650" ind1=" " ind2=" ">
    <subfield code="a">Food service</subfield>
  </datafield>
  <datafield tag="650" ind1=" " ind2=" ">
    <subfield code="a">Services alimentaires</subfield>
    <subfield code="9">10994</subfield>
  </datafield>
  <datafield tag="650" ind1=" " ind2=" ">
    <subfield code="a">food service</subfield>
  </datafield>
  <datafield tag="658" ind1=" " ind2=" ">
    <subfield code="a">Hospitality Management, Bachelor of Science in.</subfield>
    <subfield code="b">Foods and Beverage Procedures</subfield>
    <subfield code="c">HRM201</subfield>
  </datafield>
  <datafield tag="856" ind1=" " ind2=" ">
    <subfield code="3">Food and beverage service</subfield>
    <subfield code="u">https://search.worldcat.org/title/1417263772</subfield>
  </datafield>
  <datafield tag="942" ind1=" " ind2=" ">
    <subfield code="2">lcc</subfield>
    <subfield code="c">BK</subfield>
    <subfield code="h">TX 925 </subfield>
    <subfield code="i">.2024 C355</subfield>
    <subfield code="k">(CHM-HM)</subfield>
    <subfield code="n">0</subfield>
  </datafield>
  <datafield tag="999" ind1=" " ind2=" ">
    <subfield code="c">3968</subfield>
    <subfield code="d">3968</subfield>
  </datafield>
  <datafield tag="952" ind1=" " ind2=" ">
    <subfield code="u">https://search.worldcat.org/title/1417263772</subfield>
    <subfield code="0">0</subfield>
    <subfield code="1">0</subfield>
    <subfield code="2">lcc</subfield>
    <subfield code="4">0</subfield>
    <subfield code="7">0</subfield>
    <subfield code="8">NFIC</subfield>
    <subfield code="a">FOUNDATION</subfield>
    <subfield code="b">FOUNDATION</subfield>
    <subfield code="c">MAIN-CHM</subfield>
    <subfield code="d">2024-11-18</subfield>
    <subfield code="e">Book Fund</subfield>
    <subfield code="l">3</subfield>
    <subfield code="m">1</subfield>
    <subfield code="o">(CHM-HM) TX 925  .2024 C355 c.3</subfield>
    <subfield code="p">0252024003020</subfield>
    <subfield code="q">2026-07-04</subfield>
    <subfield code="r">2026-06-08 10:24:00</subfield>
    <subfield code="s">2026-06-08</subfield>
    <subfield code="w">2024-11-18</subfield>
    <subfield code="y">BK</subfield>
    <subfield code="k">CHM-2024020</subfield>
  </datafield>
  <datafield tag="952" ind1=" " ind2=" ">
    <subfield code="u">https://search.worldcat.org/title/1417263772</subfield>
    <subfield code="0">0</subfield>
    <subfield code="1">0</subfield>
    <subfield code="2">lcc</subfield>
    <subfield code="4">0</subfield>
    <subfield code="7">7</subfield>
    <subfield code="8">NFIC</subfield>
    <subfield code="a">FOUNDATION</subfield>
    <subfield code="b">FOUNDATION</subfield>
    <subfield code="c">MAIN-CHM</subfield>
    <subfield code="d">2026-06-26</subfield>
    <subfield code="l">0</subfield>
    <subfield code="o">(CHM-HosMgt) TX 925  .2024 C355 </subfield>
    <subfield code="p">0252026003124</subfield>
    <subfield code="r">2026-06-26 15:36:54</subfield>
    <subfield code="w">2026-06-26</subfield>
    <subfield code="y">BK</subfield>
    <subfield code="k">CHM-HosMgt-2026124</subfield>
  </datafield>
  <datafield tag="952" ind1=" " ind2=" ">
    <subfield code="u">https://search.worldcat.org/title/1417263772</subfield>
    <subfield code="0">0</subfield>
    <subfield code="1">0</subfield>
    <subfield code="2">lcc</subfield>
    <subfield code="4">0</subfield>
    <subfield code="7">4</subfield>
    <subfield code="8">NFIC</subfield>
    <subfield code="a">FOUNDATION</subfield>
    <subfield code="b">FOUNDATION</subfield>
    <subfield code="c">MAIN-CHM</subfield>
    <subfield code="d">2026-06-26</subfield>
    <subfield code="e">Library Budget</subfield>
    <subfield code="l">0</subfield>
    <subfield code="o">(CHM-HosMgt) TX 925  .2024 C355 c.2</subfield>
    <subfield code="p">0252026003125</subfield>
    <subfield code="r">2026-06-26 15:37:55</subfield>
    <subfield code="w">2026-06-26</subfield>
    <subfield code="y">BK</subfield>
    <subfield code="k">CHM-HosMgt-2026125</subfield>
  </datafield>
</record>
